A tale with seven answers / (Record no. 156379)

MARC details
000 -LEADER
fixed length control field 00608nam a22002057a 4500
005 - DATE AND TIME OF LATEST TRANSACTION
control field 20180827120519.0
010 ## - LCCN (DPL NO)
LC control number ENG-123774
020 ## - INTERNATIONAL STANDARD BOOK NUMBER
Terms of availability 380.00
International Standard Book Number 9788123762524
035 ## - SYSTEM CONTROL NUMBER
System control number EN-107306
037 ## - SOURCE OF ACQUISITION
Source of stock number/acquisition DBAD/PUB
082 ## - DEWEY DECIMAL CLASSIFICATION NUMBER
Classification number N
100 ## - MAIN ENTRY--PERSONAL NAME
Personal name Pradhan G.P.
245 ## - TITLE STATEMENT
Title A tale with seven answers /
Statement of responsibility, etc by G.P. Pradhan;trns. by Shrikant Tambe
260 ## - PUBLICATION, DISTRIBUTION, ETC. (IMPRINT)
Place of publication, distribution, etc New Delhi
Name of publisher, distributor, etc National Book Trust
Date of publication, distribution, etc 2011
270 ## - ADDRESS
Address Nehru Bhawan, 5 Industrial Area, Phae-II, Vasant Kunj,
City New Delhi
Postal code 110070
300 ## - PHYSICAL DESCRIPTION
Extent xii,471p.
Dimensions 24cm(pbk)
650 ## - SUBJECT ADDED ENTRY--TOPICAL TERM
Topical term or geographic name as entry element Fiction
700 ## - ADDED ENTRY--PERSONAL NAME
Personal name Tambe, Shrikant
942 ## - ADDED ENTRY ELEMENTS (KOHA)
Source of classification or shelving scheme Dewey Decimal Classification
Item type English Books
Call number suffix PRA
Classification part N
Holdings
Withdrawn status Lost status Not for loan Collection code Home library Current library Date acquired Source of acquisition Cost, normal purchase price Full call number Barcode Copy number Cost, replacement price Koha item type
    Not For Loan Fiction D.B.Act.Division Bawana 27/08/2018 DBAD/PUB 380.00 N PRA EN-107306 1 380.00 English Books

© Delhi Public Library
Hit Counter
free hit counter